| 000 | 00521nam a22001577a 4500 | ||
|---|---|---|---|
| 020 | _qHard Cover. | ||
| 082 | _a200 | ||
| 100 | _aKhatri, Nasrullah | ||
| 245 |
_aImproved Design and Fabrication of Water Purification Plant Based on Polymer Membrane/ _cNasrullah Khatri. |
||
| 260 |
_aIslamabad: _bSCME - NUST, _c2016. |
||
| 300 | _c30cm. | ||
| 650 |
_aMS-Materials Engineering _9129142 |
||
| 700 |
_aSupervisor; Dr. Nasir Ahmed. _9129698 |
||
| 942 |
_2ddc _cTHE |
||
| 999 |
_c534469 _d534469 |
||